<?xml version="1.0" encoding="UTF-8"?>
<collection xmlns="http://www.loc.gov/MARC21/slim">
 <record>
  <leader>01368ntm a22002775a 4500</leader>
  <controlfield tag="001">EIQ.libpla004621</controlfield>
  <controlfield tag="008">160712s2016####ag#######bm###000#0#spa#d</controlfield>
  <controlfield tag="005">20170725102025.0</controlfield>
  <datafield tag="245" ind1="1" ind2="0">
   <subfield code="a">Producción de poli(hidroxialcanoato)s (PHA)s a partir de fuentes renovables de bajo costo /</subfield>
   <subfield code="c">Mauricio Ariel Porras.</subfield>
  </datafield>
  <datafield tag="260" ind1=" " ind2=" ">
   <subfield code="c">2016.</subfield>
  </datafield>
  <datafield tag="300" ind1=" " ind2=" ">
   <subfield code="a">DVD, [15], 197 p. :</subfield>
   <subfield code="b">il. col. ;</subfield>
   <subfield code="c">12 cm.</subfield>
  </datafield>
  <datafield tag="500" ind1=" " ind2=" ">
   <subfield code="a">Directores de tesis: María Amelia Cubitto y Marcelo Armando Villar.</subfield>
  </datafield>
  <datafield tag="500" ind1=" " ind2=" ">
   <subfield code="a">&quot;Tesis de Doctor en Biología&quot;.</subfield>
  </datafield>
  <datafield tag="502" ind1=" " ind2=" ">
   <subfield code="a">Tesis (doctoral)--Universidad Nacional del Sur. Departamento de Biología, Bioquímica y Farmacia, 2016.</subfield>
  </datafield>
  <datafield tag="530" ind1=" " ind2=" ">
   <subfield code="a">Disponible también en formato digital.</subfield>
  </datafield>
  <datafield tag="504" ind1=" " ind2=" ">
   <subfield code="a">Incluye referencias bibliográficas.</subfield>
  </datafield>
  <datafield tag="538" ind1=" " ind2=" ">
   <subfield code="a">1 DVD</subfield>
  </datafield>
  <datafield tag="100" ind1="1" ind2=" ">
   <subfield code="a">Porras, Mauricio Ariel.</subfield>
   <subfield code="4">dis</subfield>
  </datafield>
  <datafield tag="700" ind1="1" ind2=" ">
   <subfield code="a">Cubitto, María Amelia.</subfield>
   <subfield code="4">ths</subfield>
  </datafield>
  <datafield tag="700" ind1="1" ind2=" ">
   <subfield code="a">Villar, Marcelo Armando.</subfield>
   <subfield code="4">ths</subfield>
  </datafield>
  <datafield tag="710" ind1="2" ind2=" ">
   <subfield code="a">Universidad Nacional del Sur.</subfield>
   <subfield code="b">Departamento de Biología, Bioquímica y Farmacia</subfield>
   <subfield code="4">dgg.</subfield>
  </datafield>
  <datafield tag="082" ind1="0" ind2="4">
   <subfield code="a">668.4225</subfield>
   <subfield code="2">21</subfield>
  </datafield>
  <datafield tag="650" ind1=" " ind2="7">
   <subfield code="a">Biología</subfield>
   <subfield code="x">Bacterias, microorganismos</subfield>
   <subfield code="x">Biopolímeros</subfield>
   <subfield code="x">Biopoliesters</subfield>
   <subfield code="x">Plásticos biodegradables</subfield>
  </datafield>
  <datafield tag="650" ind1=" " ind2="7">
   <subfield code="a">Biology</subfield>
   <subfield code="x">Bacterias, microorganisms</subfield>
   <subfield code="x">Biopolymers</subfield>
   <subfield code="x">Biopolyesters</subfield>
   <subfield code="x">Biodegradable plastics</subfield>
  </datafield>
  <datafield tag="856" ind1="4" ind2="1">
   <subfield code="3">Texto completo</subfield>
   <subfield code="u">http://repositoriodigital.uns.edu.ar/handle/123456789/2676</subfield>
  </datafield>
  <datafield tag="859" ind1=" " ind2=" ">
   <subfield code="a">AR-BbSID</subfield>
   <subfield code="b">BIB. PLAPIQUI</subfield>
   <subfield code="h">668.4225</subfield>
   <subfield code="i">P828</subfield>
   <subfield code="p">6524</subfield>
  </datafield>
 </record>
</collection>
